Detalles MARC
| 000 -CABECERA |
| campo de control de longitud fija |
00995cam a2200277 a 4500 |
| 001 - NÚMERO DE CONTROL |
| campo de control |
000005436 |
| 005 - FECHA Y HORA DE LA ÚLTIMA TRANSACCIÓN |
| campo de control |
20200929151658.0 |
| 008 - DATOS DE LONGITUD FIJA--INFORMACIÓN GENERAL |
| campo de control de longitud fija |
740425s1972 sp 001 0 spa d |
| 040 ## - FUENTE DE LA CATALOGACIÓN |
| Centro catalogador/agencia de origen |
DO-SdBNP |
| Centro/agencia transcriptor |
MBU |
| Centro/agencia modificador |
DLC |
| 041 0# - CÓDIGO DE LENGUA |
| Código de lengua del texto/banda sonora o título independiente |
spalat |
| 042 ## - CÓDIGO DE AUTENTICACIÓN |
| Código de autenticación |
premarc |
| 043 ## - CÓDIGO DE ÁREA GEOGRÁFICA |
| Código de área geográfica |
e-sp |
| 082 ## - NÚMERO DE LA CLASIFICACIÓN DECIMAL DEWEY |
| Número de clasificación |
nnnn |
| Número de documento/Ítem |
L695ó |
| 049 ## - FONDOS LOCALES (OCLC) |
| Fondos de biblioteca |
BNGR |
| 245 10 - MENCIÓN DE TÍTULO |
| Título |
Liber Orationum Psalmographus : |
| Resto del título |
colectas de salmos del antiguo rito hispánico / |
| Mención de responsabilidad, etc. |
Recomposición y edición crítica por Dom Jorge Pinell. |
| 260 ## - PUBLICACIÓN, DISTRIBUCIÓN, ETC. |
| Lugar de publicación, distribución, etc. |
Barcelona ; |
| -- |
Madrid : |
| Nombre del editor, distribuidor, etc. |
Consejo Superior de Investigaciones Científicas, Instituto F. Enrique Flórez, |
| Fecha de publicación, distribución, etc. |
1972. |
| 300 ## - DESCRIPCIÓN FÍSICA |
| Extensión |
299, 287 p. ; |
| Dimensiones |
25 cm. |
| 490 1# - MENCIÓN DE SERIE |
| Mención de serie |
Monumenta Hispaniae Sacra |
| Designación de volumen o secuencia |
9 |
| 490 1# - MENCIÓN DE SERIE |
| Mención de serie |
Serie Litúrgica |
| Designación de volumen o secuencia |
9 |
| 500 ## - NOTA GENERAL |
| Nota general |
Texto en latín y español |
| 500 ## - NOTA GENERAL |
| Nota general |
Incluye índice |
| 504 ## - NOTA DE BIBLIOGRAFÍA, ETC. |
| Nota de bibliografía, etc. |
Bibliografía: p. [19]-25 (1st group). |
| 650 #0 - PUNTO DE ACCESO ADICIONAL DE MATERIA--TÉRMINO DE MATERIA |
| Término de materia o nombre geográfico como elemento de entrada |
Collects. |
| 9 (RLIN) |
15444 |
| 700 1# - PUNTO DE ACCESO ADICIONAL--NOMBRE DE PERSONA |
| Nombre de persona |
Pinell, Dom Jorge, |
| Término indicativo de función/relación |
ed. |
| 9 (RLIN) |
15445 |
| 830 #0 - PUNTO DE ACCESO ADICIONAL DE SERIE-TÍTULO UNIFORME |
| Título uniforme |
Monumenta Hispaniae Sacra ; |
| Nombre de parte o sección de la obra |
Serie Litúrgica ; |
| Designación de volumen o secuencia |
9 |
| 9 (RLIN) |
15446 |